Statistics for Naruto Word Scramble Hard

Click here to take the quiz!

General Stats

  • This quiz has been taken 661 times
  • The average score is 8 of 28

Answer Stats

HintAnswer% Correct
iakskhaKakashi
94%
oomhrciuraOrochimaru
77%
hokuanomarKonohamaru
66%
asahriahmHashirama
51%
knukapPakkun
43%
uygnabakByakugan
39%
kkkeei keiagnKekkei Genkai
39%
uutjiatsTaijutsu
35%
deo itneesEdo Tensei
34%
ninuchChunin
33%
shenirkuShuriken
33%
usmiaakrhShikamaru
32%
rhackaChakra
29%
cuijiihnrkJinchuriki
25%
saaamtureAmaterasu
18%
nomut mkoobuyMount Myoboku
18%
inhisboShinobi
18%
iref lepemtFire Temple
17%
kaaukitsAkatsuki
15%
agmuezikMizukage
15%
gnraneasRasengan
15%
maastgtuaGamatatsu
14%
riihucak nremaIchiraku Ramen
14%
lnifa yevlalFinal Valley
13%
eadsmaahSamehada
13%
terga utnaro gerbirGreat Naruto Bridge
11%
esnugrkuaaSunagakure
9%
chtine gdirbeTenchi Bridge
6%

Score Distribution

Percentile by Number Answered

Percent of People with Each Score

Your Score History

You have not taken this quiz